Colonies européennes d'Amérique au XVIII ième siècle - Statistiques

Statistiques générales
  • Ce quiz a été pris 37 fois
  • Le résultat moyen est 3 sur 15
Statistiques - réponses
Hint Réponse % Correct
France Nouvelle-France
74%
Portugal Brésil
63%
France Saint Domingue
41%
Royaume-Uni Les Treize Colonies
26%
Pays bas Suriname
19%
France Guyane Française
15%
Royaume Uni Terre-Neuve
15%
France Antilles Françaises
11%
Espagne Vice-royauté de Grenade
7%
Espagne Vice-royauté de Nouvelle-Espagne
7%
Espagne Vice-royauté du Pérou
7%
Royaume Uni Antilles britanniques
4%
Danemark Indes occidentales Danoise
4%
France Louisiane Française
4%
Royaume Uni Compagnie de la baie de l'Hudson
0%
Aucun quiz correspondant
Distribution des résultats
% des personnes avec chaque résultat
Percentile par nombre de réponses
Votre historique - résultats
Vous n’avez pas pris ce quiz